| 000 | 01126nam a2200193 4500 | ||
|---|---|---|---|
| 003 | Nust | ||
| 005 | 20230706130706.0 | ||
| 010 | _a7379592 | ||
| 040 | _cNust | ||
| 082 | _a515,FRO | ||
| 100 |
_aFroberg, Carl-Erik _9113428 |
||
| 245 |
_aIntroduction to numerical analysis / _cCarl-Erik Froberg |
||
| 250 |
_a2nd ed. _a2nd ed. |
||
| 260 |
_aLondon _aLondon _bAddison-Wesley _bAddison-Wesley _c1969 _c1969 |
||
| 300 |
_a433 p. _a433 p. |
||
| 505 | _a1.Numerical computations (Page-1), Equations (Page-17), Matrices (Page-47), Linear systems of equations (Page-81), Matrix inversion (Page-103), Algebraic eigenvalue-problems (Page-113), Linear operators (Page-147), Interpolation (Page-164), Numerical differentiation (Page-185), Numerical quadrature (Page-195), Summation (Page-224), Multiple integrals (Page-250), .Ordinary differential equations (Page-260), Partial differential equations (Page-294), Integral equations (Page-320), Approximation (Page-335), Special functions (Page-359), The monte Carlo method (Page-384), .Linear programming (Page-394). | ||
| 650 |
_aCalculus _aCalculus _9113429 |
||
| 942 |
_2ddc _cBK _k515,FRO |
||
| 999 |
_c193396 _d193396 |
||